<?xml version="1.0" encoding="UTF-8"?>
<collection xmlns="http://www.loc.gov/MARC21/slim">
 <record>
  <leader>02162cam a2200457 ca4500</leader>
  <controlfield tag="001">107812647X</controlfield>
  <controlfield tag="003">DE-627</controlfield>
  <controlfield tag="005">20241128132419.0</controlfield>
  <controlfield tag="007">tu</controlfield>
  <controlfield tag="008">850101m19819999xx |||||      00| ||ger c</controlfield>
  <datafield tag="020" ind1=" " ind2=" ">
   <subfield code="a">3110047608</subfield>
   <subfield code="9">3-11-004760-8</subfield>
  </datafield>
  <datafield tag="035" ind1=" " ind2=" ">
   <subfield code="a">(DE-627)107812647X</subfield>
  </datafield>
  <datafield tag="035" ind1=" " ind2=" ">
   <subfield code="a">(DE-576)00812647X</subfield>
  </datafield>
  <datafield tag="035" ind1=" " ind2=" ">
   <subfield code="a">(DE-599)BSZ00812647X</subfield>
  </datafield>
  <datafield tag="040" ind1=" " ind2=" ">
   <subfield code="a">DE-627</subfield>
   <subfield code="b">ger</subfield>
   <subfield code="c">DE-627</subfield>
   <subfield code="e">rakwb</subfield>
  </datafield>
  <datafield tag="041" ind1=" " ind2=" ">
   <subfield code="a">ger</subfield>
  </datafield>
  <datafield tag="100" ind1="1" ind2=" ">
   <subfield code="a">Haseloff, Günther</subfield>
   <subfield code="4">aut</subfield>
  </datafield>
  <datafield tag="245" ind1="1" ind2="4">
   <subfield code="a">Die germanische Tierornamentik der Völkerwanderungszeit</subfield>
   <subfield code="b">Studien zu Salin's Stil I</subfield>
   <subfield code="c">Günther Haseloff. Mit Beitr. von Birgit Arrhenius ...</subfield>
  </datafield>
  <datafield tag="264" ind1=" " ind2="1">
   <subfield code="a">Berlin [u.a.]</subfield>
   <subfield code="b">de Gruyter</subfield>
   <subfield code="c">1981-</subfield>
  </datafield>
  <datafield tag="336" ind1=" " ind2=" ">
   <subfield code="a">Text</subfield>
   <subfield code="b">txt</subfield>
   <subfield code="2">rdacontent</subfield>
  </datafield>
  <datafield tag="337" ind1=" " ind2=" ">
   <subfield code="a">ohne Hilfsmittel zu benutzen</subfield>
   <subfield code="b">n</subfield>
   <subfield code="2">rdamedia</subfield>
  </datafield>
  <datafield tag="338" ind1=" " ind2=" ">
   <subfield code="a">Band</subfield>
   <subfield code="b">nc</subfield>
   <subfield code="2">rdacarrier</subfield>
  </datafield>
  <datafield tag="490" ind1="0" ind2=" ">
   <subfield code="a">Vorgeschichtliche Forschungen</subfield>
   <subfield code="v">17</subfield>
  </datafield>
  <datafield tag="689" ind1="0" ind2="0">
   <subfield code="d">s</subfield>
   <subfield code="0">(DE-588)4185493-7</subfield>
   <subfield code="0">(DE-627)10468819X</subfield>
   <subfield code="0">(DE-576)210032863</subfield>
   <subfield code="a">Tierornament</subfield>
   <subfield code="2">gnd</subfield>
  </datafield>
  <datafield tag="689" ind1="0" ind2="1">
   <subfield code="a">z</subfield>
   <subfield code="2">gnd</subfield>
   <subfield code="a">Geschichte 300-500</subfield>
  </datafield>
  <datafield tag="689" ind1="0" ind2=" ">
   <subfield code="5">(DE-627)</subfield>
  </datafield>
  <datafield tag="689" ind1="1" ind2="0">
   <subfield code="d">s</subfield>
   <subfield code="0">(DE-588)4020378-5</subfield>
   <subfield code="0">(DE-627)106318292</subfield>
   <subfield code="0">(DE-576)208933077</subfield>
   <subfield code="a">Germanen</subfield>
   <subfield code="2">gnd</subfield>
  </datafield>
  <datafield tag="689" ind1="1" ind2="1">
   <subfield code="d">s</subfield>
   <subfield code="0">(DE-588)4185493-7</subfield>
   <subfield code="0">(DE-627)10468819X</subfield>
   <subfield code="0">(DE-576)210032863</subfield>
   <subfield code="a">Tierornament</subfield>
   <subfield code="2">gnd</subfield>
  </datafield>
  <datafield tag="689" ind1="1" ind2="2">
   <subfield code="d">s</subfield>
   <subfield code="0">(DE-588)4063700-1</subfield>
   <subfield code="0">(DE-627)106126911</subfield>
   <subfield code="0">(DE-576)209149922</subfield>
   <subfield code="a">Völkerwanderungszeit</subfield>
   <subfield code="2">gnd</subfield>
  </datafield>
  <datafield tag="689" ind1="1" ind2=" ">
   <subfield code="5">(DE-627)</subfield>
  </datafield>
  <datafield tag="787" ind1="0" ind2="8">
   <subfield code="i">Rezensiert in</subfield>
   <subfield code="a">Ament, Hermann, 1936 - </subfield>
   <subfield code="t">[Rezension von: Günther Haseloff, Die germanische Tierornamentik der Völkerwanderungszeit]</subfield>
   <subfield code="d">1985</subfield>
   <subfield code="w">(DE-627)188419706X</subfield>
  </datafield>
  <datafield tag="787" ind1="0" ind2="8">
   <subfield code="i">Rezensiert in</subfield>
   <subfield code="a">Frey, Otto-Herman, 1929 - 2023</subfield>
   <subfield code="t">Schriften von Otto-Herman Frey ; 86: [Rezension von: G.Haseloff, Die germanische Tierornamentik der Völkerwanderungszeit, Studien zu Salin’s Stil,1]</subfield>
   <subfield code="d">Cambridge, 1983</subfield>
   <subfield code="h">Seite 143-145</subfield>
   <subfield code="w">(DE-627)1899449752</subfield>
  </datafield>
  <datafield tag="787" ind1="0" ind2="8">
   <subfield code="i">Rezensiert in</subfield>
   <subfield code="a">Roth, Helmut, 1941 - 2003</subfield>
   <subfield code="t">[Rezension von: Günther Haseloff, Die germanische Tierornamentik der Völkerwanderungszeit]</subfield>
   <subfield code="d">1991</subfield>
   <subfield code="w">(DE-627)1909805491</subfield>
  </datafield>
  <datafield tag="951" ind1=" " ind2=" ">
   <subfield code="a">MC</subfield>
  </datafield>
  <datafield tag="990" ind1=" " ind2=" ">
   <subfield code="a">Tierornament</subfield>
  </datafield>
  <datafield tag="990" ind1=" " ind2=" ">
   <subfield code="a">Geschichte 300-500</subfield>
  </datafield>
  <datafield tag="990" ind1=" " ind2=" ">
   <subfield code="a">Germanen</subfield>
  </datafield>
  <datafield tag="990" ind1=" " ind2=" ">
   <subfield code="a">Tierornament</subfield>
  </datafield>
  <datafield tag="990" ind1=" " ind2=" ">
   <subfield code="a">Völkerwanderungszeit</subfield>
  </datafield>
  <datafield tag="991" ind1=" " ind2=" ">
   <subfield code="a">Rezensiertes Werk</subfield>
  </datafield>
  <datafield tag="999" ind1=" " ind2=" ">
   <subfield code="a">KXP-PPN107812647X</subfield>
   <subfield code="e">4832567039</subfield>
  </datafield>
 </record>
</collection>
